| 000 | 00925nas a2200289 4500 | ||
|---|---|---|---|
| 001 | BR8805495 | ||
| 003 | BR-BrBNA | ||
| 005 | 20231205091311.0 | ||
| 007 | ta | ||
| 008 | 230509b bl.|||p| |||| 00| 00por d | ||
| 040 |
_aBR-BrBNA _bpor _cBiblioteca Nacional de Agricultura |
||
| 041 | _a(Pt) | ||
| 072 | _aP36 | ||
| 100 | 1 | _aLombardi Neto, F. | |
| 100 | 1 | _aMaria, I.C. de | |
| 100 | 1 | _aCastro, O.M. de | |
| 100 | 1 | _aDechen, S.C.F. | |
| 100 | 1 | _aVieira, S.R. | |
| 245 | 1 | _aEfeito da quantidade de residuos culturais de milho nas perdas de solo e agua | |
| 246 | 1 | _aEffect of amounts of corn residues on soil and water losses by erosion | |
| 650 | _aEROSAO HIDRICA | ||
| 650 | _aCOBERTURA MORTA | ||
| 650 | _aMILHO | ||
| 773 | 0 |
_tRevista Brasileira de Ciencia do Solo (Brazil) _xISSN 0100-0683 _g(Jan-Apr 1988), v. 12(1) p. 71-75 _wBR8805495 |
|
| 909 |
_a202311 _bLúcia _c55 _dLúcia Elande |
||
| 942 |
_2AGRIS _n0 _cANA |
||
| 999 |
_c124218 _d124218 |
||